| 000 -LEADER |
| fixed length control field |
01032nam a22003377a 4500 |
| 001 - CONTROL NUMBER |
| control field |
21724252 |
| 003 - CONTROL NUMBER IDENTIFIER |
| control field |
LIBRIS |
| 005 - DATE AND TIME OF LATEST TRANSACTION |
| control field |
20210421080649.0 |
| 008 - FIXED-LENGTH DATA ELEMENTS--GENERAL INFORMATION |
| fixed length control field |
171016s1993 xx |||||||||||000 0|eng|d |
| 020 ## - INTERNATIONAL STANDARD BOOK NUMBER |
| International Standard Book Number |
0691010935 (pbk) |
| 020 ## - INTERNATIONAL STANDARD BOOK NUMBER |
| International Standard Book Number |
0691032572 |
| 035 ## - SYSTEM CONTROL NUMBER |
| System control number |
(BOKR)9780691010939 |
| 040 ## - CATALOGING SOURCE |
| Original cataloging agency |
BOKR |
| Description conventions |
i |
| Language of cataloging |
eng |
| Transcribing agency |
DLC |
| 041 ## - LANGUAGE CODE |
| Language code of text/sound track or separate title |
eng |
| 080 ## - UNIVERSAL DECIMAL CLASSIFICATION NUMBER |
| Universal Decimal Classification number |
92 |
| Item number |
K-61 |
| 100 1# - MAIN ENTRY--PERSONAL NAME |
| Personal name |
Knight, Amy W. |
| Relationship |
aut |
| 245 10 - TITLE STATEMENT |
| Title |
Beria - Stalins First Lieutenant |
| Statement of responsibility, etc. |
/ by: Princeton University Press |
| 260 ## - PUBLICATION, DISTRIBUTION, ETC. |
| Place of publication, distribution, etc. |
Princeton, New Jersey |
| Name of publisher, distributor, etc. |
Princeton University Press |
| Date of publication, distribution, etc. |
1993 |
| 263 ## - PROJECTED PUBLICATION DATE |
| Projected publication date |
199512 |
| 264 #1 - PRODUCTION, PUBLICATION, DISTRIBUTION, MANUFACTURE, AND COPYRIGHT NOTICE |
| Name of producer, publisher, distributor, manufacturer |
University Presses Of Californ, |
| Date of production, publication, distribution, manufacture, or copyright notice |
1995 |
| 300 ## - PHYSICAL DESCRIPTION |
| Extent |
312 p. |
| Dimensions |
ill |
| 336 ## - CONTENT TYPE |
| Content type term |
text |
| Content type code |
txt |
| Source |
rdacontent |
| 337 ## - MEDIA TYPE |
| Media type term |
unmediated |
| Media type code |
n |
| Source |
rdamedia |
| 338 ## - CARRIER TYPE |
| Carrier type term |
volume |
| Carrier type code |
nc |
| Source |
rdacarrier |
| 340 ## - PHYSICAL MEDIUM |
| Dimensions |
23.4 cm |
| 365 ## - TRADE PRICE |
| Price amount |
14.95 usd |
| 650 #0 - SUBJECT ADDED ENTRY--TOPICAL TERM |
| 9 (RLIN) |
237 |
| Topical term or geographic name entry element |
Biography |
| 653 ## - INDEX TERM--UNCONTROLLED |
| Uncontrolled term |
ბიოგრაფია |
| 887 ## - NON-MARC INFORMATION FIELD |
| Content of non-MARC field |
{"@id":"dxq56brq4jn16g8","modified":"2018-10-03T16:39:46.208+02:00","checksum":"40288297095"} |
| Source of data |
librisxl |
| 942 ## - ADDED ENTRY ELEMENTS (KOHA) |
| Source of classification or shelving scheme |
|
| Koha item type |
Books |